Jesenný krik jastraba

Bibliographic Details
Main Author: Brodskij, Iosif Aleksandrovič, 1940-1996 (Author)
Other Authors: Štrasser, Ján, 1946- (Translator), Krátky, Ľubomír, 1939-2022 (Bookjacket designer), Slimák, Ivan, 1930-1996 (Author of afterword, colophon, etc.)
Format: Book
Language:Slovak
Russian
PhysicalDescription:135 s. 21 cm
Published: Bratislava Slovenský spisovateľ 1993
ISBN:8022004790
Edition:1. vyd.
Series:Kruh milovníkov poézie
Subjects:

MARC

LEADER 00000cam a2200000 a 4500
001 vtls001073243
003 SK-MaSNL
005 20260301111027.0
008 240702s1993 xo gr 0000p slo
015 |a SNBA1993/11 
020 |a 8022004790 
035 |a SNK000016074 
040 |a SNK  |b slo  |c SNK  |e AACR2 
041 1 |a slo  |h rus 
044 |a xo  |c SK 
072 7 |a 821.161.1  |x Ruská literatúra  |2 konspekt 
080 |a 882-1  |2 1981 
080 |a 821.161.1-1  |2 2011 
100 1 |a Brodskij, Iosif Aleksandrovič,  |d 1940-1996  |4 aut  |9 10773 
245 1 0 |a Jesenný krik jastraba  |c Josif Brodskij ; preložil Ján Štrasser 
250 |a 1. vyd. 
260 |a Bratislava  |b Slovenský spisovateľ  |c 1993  |e Banská Bystrica  |f Tlačiarne BB, spol. s r.o. 
300 |a 135 s.  |c 21 cm 
490 1 |a Kruh milovníkov poézie  |v zv. 199 
500 |a Ilustrácia na titulnej strane, frontispice a predsádkach 
500 |a Pravdepodobne preložené z ruštiny 
655 7 |a ruská poézia  |2 SNKPH  |9 70731 
700 1 |a Štrasser, Ján,  |d 1946-  |4 trl  |9 93512 
700 1 |a Krátky, Ľubomír,  |d 1939-2022  |4 bjd  |9 109701 
700 1 |a Slimák, Ivan,  |d 1930-1996  |4 aft  |9 206472 
830 0 |a Kruh milovníkov poézie  |9 276962 
852 |a Slovenská národná knižnica 
919 |a 80-220-0479-0 
954 |a beletria cudzojazyčná (svetová)  |2 lita 
958 |a LX 
958 |a UP 
968 |b RUS 
999 |c 705158  |d 707088 
952 |a SNK  |b SNK  |y PREZ  |7 0  |p 17A1010798  |o snkSC 84681   |0 0  |1 0  |4 0  |d 2012-08-24  |l 0  |r 2025-08-25 00:00:00  |w 2026-02-23 
952 |a SNK  |b SNK  |y PREZ  |7 0  |p 17A0255122  |o snkSC 84681 D1  |i snkKSP 9193/93  |0 0  |1 0  |4 0  |d 2000-10-20  |l 0  |r 2004-12-31 00:00:00  |w 2026-02-23